000 01022nam a2200241 i 4500
001 189770
003 ES-MaACL
005 20250705063019.0
007 t|
008 191028e2019 sp s |||| | spa d
100 1 _aHernández Montero, Juan Armindo
_eaut
_9168574
245 1 3 _aEl Ateneo y la arquitectura del siglo XIX
_h[Recurso electrónico] :
_bdiscurso inaugural del año académico 2019-2020 /
_ca cargo de Juan Armindo Hernández Montero, presidente del Ateneo de Madrid, pronunciado el 23 de octubre de 2019 en el salón de actos del Ateneo.
260 _aMadrid :
_bAteneo de Madrid,
_c2019.
300 _a[20 páginas ;
_c30 cm]
504 _aReferencias bibliográficas
610 2 4 _aAteneo de Madrid-
_vDiscursos de apertura-
_yS.XXI.
_91914
610 2 4 _aAteneo de Madrid-
_vObras digitalizadas.
_91930
650 4 _aArquitectura española-
_yS.XIX.
_9151010
710 2 _aAteneo de Madrid
_eedt
_91875
942 _2udc
_cCDROM
_n0
999 _c189770
_d189770